| 000 | 00854nam a2200241Ia 4500 | ||
|---|---|---|---|
| 003 | GCL | ||
| 008 | 140319s9999 xx 000 0 ara d | ||
| 020 | _a7430066790 | ||
| 040 |
_aGCL / _cGCL |
||
| 082 | 0 | 4 |
_a371.422 _bب أ |
| 100 | 1 | _aبوستمان، نيل | |
| 245 | 1 | 0 |
_aازمة التعليم : _bاعادة تعريف قيمة المدرسة / _cبوستمان، نيل |
| 700 | 1 | _aحسنى تمام | |
| 250 | _aالاولى | ||
| 260 |
_aالقاهرة : _bالجمعية المصرية لنشر المعرفة والثقافةوالعلوم ، _c2002 |
||
| 300 |
_a167 ص ؛ _c24سم |
||
| 650 | 0 | 4 | _aالتعليم |
| 650 | 0 | 4 | _aعلم النفس التربوى |
| 650 | 0 | 4 | _aالمدرسون - تدريب |
| 650 | 0 | 4 | _aالتعليم - طرق معالجة |
| 650 | 0 | 4 | _aالمدارس - تنظيم وادارة |
| 942 |
_2ddc _cBK |
||
| 999 |
_c6136 _d6136 |
||